[Event "Ghent VSF-chA"]
[Site "Ghent"]
[Date "2011.06.05"]
[Round "7"]
[White "D'Hooge, Frank"]
[Black "Steen, Pieter"]
[Result "0-1"]
[WhiteElo "1984"]
[BlackElo "2160"]
[PlyCount "60"]
[EventDate "2011.06.02"]
[EventType "swiss"]
[EventRounds "7"]
[EventCountry "BEL"]
[SourceTitle "CBM 143 Extra"]
[Source "ChessBase"]
[SourceDate "2011.08.29"]
[SourceVersion "1"]
[SourceVersionDate "2011.08.29"]
[SourceQuality "1"]

1. c4 Nf6 2. Nc3 g6 3. Nf3 Bg7 4. g3 0-0 5. Bg2 d6 6. d4 c6 7. 0-0 Qa5 8. e4 Bg4 9. h3 Bxf3 10. Bxf3 e5 11. Be3 Nbd7 12. Rb1 exd4 13. Bxd4 Qc7 14. Be2 Rfe8 15. Qc2 Nc5 16. e5 Ne6 17. exf6 Nxd4 18. Qd3 Bxf6 19. Bd1 Re7 20. b4 Rae8 21. Ba4 Bg7 22. b5 f5 23. Kg2 f4 24. g4 Kh8 25. Bd1 Qa5 26. Na4 f3+ 27. Kh1 Re1 28. Bb3 Rxb1 29. Qxb1 Qd2 30. Qd1 Qh6 0-1

[Event "Ghent VSF-chA"]
[Site "Ghent"]
[Date "2011.06.04"]
[Round "6"]
[White "Ackaert, Thierry"]
[Black "D'Hooge, Frank"]
[Result "1-0"]
[WhiteElo "2124"]
[BlackElo "1984"]
[PlyCount "51"]
[EventDate "2011.06.02"]
[EventType "swiss"]
[EventRounds "7"]
[EventCountry "BEL"]
[SourceTitle "CBM 143 Extra"]
[Source "ChessBase"]
[SourceDate "2011.08.29"]
[SourceVersion "1"]
[SourceVersionDate "2011.08.29"]
[SourceQuality "1"]

1. b4 e5 2. a3 Nf6 3. Bb2 d5 4. Bxe5 Be6 5. e3 Nbd7 6. Bb2 Bd6 7. Nf3 0-0 8. d3 c6 9. c4 c5 10. b5 Nb6 11. Nbd2 Qe7 12. Be2 Rad8 13. Qc2 Nfd7 14. a4 Nb8 15. 0-0 f6 16. Rfe1 Qf7 17. Rad1 N8d7 18. a5 Nc8 19. d4 dxc4 20. Nxc4 Qh5 21. Nxd6 Nxd6 22. Ne5 Qe8 23. Nxd7 Bxd7 24. dxc5 Nxb5 25. Bxb5 Bxb5 26. Rxd8 1-0

[Event "Ghent VSF-chB"]
[Site "Ghent"]
[Date "2007.05.17"]
[Round "2"]
[White "Van Speybroeck, Philippe"]
[Black "D'Hooge, Frank"]
[Result "1-0"]
[WhiteElo "1761"]
[BlackElo "2008"]
[PlyCount "63"]
[EventDate "2007.05.17"]
[EventType "swiss"]
[EventRounds "7"]
[EventCountry "BEL"]
[SourceTitle "EXT 2009"]
[Source "ChessBase"]
[SourceDate "2008.11.26"]
[SourceVersion "1"]
[SourceVersionDate "2008.11.26"]
[SourceQuality "1"]

1. d4 Nf6 2. Nf3 d5 3. e3 Bf5 4. Bd3 Bxd3 5. Qxd3 c6 6. c4 e6 7. a3 Bd6 8. Nc3 Nbd7 9. Bd2 0-0 10. 0-0 Re8 11. Rad1 e5 12. dxe5 Nxe5 13. Nxe5 dxc4 14. Qxc4 Rxe5 15. e4 Rh5 16. Bf4 Bxf4 17. Rxd8+ Rxd8 18. g3 Be5 19. Qe2 g6 20. Rc1 Re8 21. f3 Bd4+ 22. Kg2 Rhe5 23. Rd1 Bb6 24. f4 R5e7 25. e5 Nd7 26. Ne4 Kg7 27. Qg4 h5 28. Qg5 Nc5 29. Qf6+ Kg8 30. Nd6 Re6 31. Qxf7+ Kh8 32. Nxe8 1-0